000 00590nam a2200229Ia 4500
003 OSt
005 20221005132430.0
006 a|||||r|||| 00| 0
007 ta
008 221004b |||||||| |||| 00| 0 tam d
024 _a48143
037 _cTextual
040 _aCRL
_cCRL
_btam
041 _2tam
_atam
082 _aO31,1C5:g, K9
100 _aThandapani desikar Au.
_9641137
245 0 _aTirukkural ozhakum amaippum
260 _c1969
650 _aTAMIL POETRY
942 _hO31,1C5:g, K9
_cTEXL
_2cc
999 _c1063653
_d1063653